| 000 | 01137nam a2200181 a 4500 | ||
|---|---|---|---|
| 008 | 080311s2007 ||||||||||||||||| || u | ||
| 050 | _aZAM TD 345 Nat | ||
| 110 | _aNational Water Supply and Sanitation Council | ||
| 245 | 1 | 0 |
_aUrban and Peri-Urban Water Supply and Sanitation Sector Report 2006/7 _cNational Water Supply and Sanitation Council |
| 260 |
_aLusaka _bNational Water Supply and Sanitation Council _c2007 |
||
| 300 | _a45p. :ill. | ||
| 350 | _a0.00 | ||
| 650 | _aWATER SUPPLY AND SANITATION | ||
| 995 |
_aSPECIAL COLLECTIONS _D0.00 _e56105 _FCBU-MAIN LIBRARY (Kitwe) _H1 _I0.00 _jZAM TD 345 NAT _M2 _UAVAILABLE _WAug 26, 2008 _y56105 _ZZambiana Collection |
||
| 995 |
_aSPECIAL COLLECTIONS _D0.00 _e03002878 _FCBU-MAIN LIBRARY (Kitwe) _H1 _I0.00 _jZAM TD 345 NAT _M3 _UAVAILABLE _WSep 24, 2008 _yZ03002878 _ZZambiana Collection |
||
| 995 |
_aSPECIAL COLLECTIONS _D0.00 _e56123 _FCBU-MAIN LIBRARY (Kitwe) _H1 _I0.00 _jZAM TD 345 NAT _M1 _UAVAILABLE _WAug 26, 2008 _y56123 _ZZambiana Collection |
||
| 995 |
_aSPECIAL COLLECTIONS _D0.00 _e03002884 _FCBU-MAIN LIBRARY (Kitwe) _H1 _I0.00 _jZAM TD 345 NAT _M4 _UAVAILABLE _WSep 24, 2008 _yZ03002884 _ZZambiana Collection |
||
| 999 |
_c78537 _d78537 |
||